Miscellaneous 6 - Statistics

General Stats
  • This quiz has been taken 8 times
  • The average score is 5 of 18
Answer Stats
Hint Answer % Correct
Law enforcement officers are required to read your "_______ Rights" before any questioning. Miranda
100%
Fill in the blank. Apollo is known as the God of... Light / Poetry / Sun / Music / Prophecy / Archery / Healing / Plague
86%
Hemophobia is an irrational fear of what? Blood
71%
Who assassinated JFK? Lee Harvey Oswald / Lee / Harvey / Oswald
57%
What does an "entomologist" specialize in? Insects
43%
What did the abbreviated "MTV" channel stand for? Music Television
43%
Sigmund Freud was born in the country that is now known as... Czech / Czech Republic
29%
"Diplodocus", "Troodon", and "Concavenator" are all examples of what? Dinosaurs
14%
Which mammal species has the most teeth? (260 teeth) Dolphin
14%
Which country is largely credited as creating the first rendition of bread? Egypt / Ancient Egypt
14%
Which TV show popularized the acronym "BFF"? Friends
14%
Who was the most followed user on the app called "Vine"? King Bach
14%
Name any word in the abbreviation "SCP" (the collaborative creepypasta database) Secure / Contain / Protect
14%
Which country has the highest per capita usage of cocaine? Australia / New Zealand
0%
What is considered to be the "weakest" or "softest" bone in the human bone? Clavicle / Collarbone
0%
Which American rapper's real name is Dominique Armani Jones? (1 Grammy, 8 Grammy nominations) Lil Baby
0%
Who was the last U.S president that didn't identify as Democrat nor Republican? Millard / Fillmore
0%
Michael Jackson had a pet named "Muscles". What animal was Muscles? Python / Snake
0%
No matching quizzes found
Score Distribution
Percent of People with Each Score
Percentile by Number Answered
Your Score History
You have not taken this quiz